000 00627nam a2200241Ia 4500
003 OSt
005 20220924151936.0
006 a|||||r|||| 00| 0
007 ta
008 220923b |||||||| |||| 00| 0 mar d
020 _c4.00
024 _a340049
037 _cTextual
040 _aARTS
_cARTS
_bmar
041 _2mar
_amar
082 _aO155,1xN4, L3
100 _aDeshpande Atma Raoji Ed.
_9225347
245 0 _aMarathi kavya sangraha
260 _c1973
650 _aMARATHI LITERATURE
_938000
942 _hO155,1xN4, L3
_cTEXL
_2CC
999 _c468139
_d468139